FACTORS AFFECTING PROCUREMENT PRACTICES ON THE PERFORMANCE OF DEVOLVED PARASTATALS (Record no. 215980)

MARC details
000 -LEADER
fixed length control field 00491nam a22001457a 4500
008 - FIXED-LENGTH DATA ELEMENTS--GENERAL INFORMATION
fixed length control field 250730b |||||||| |||| 00| 0 eng d
050 ## - LIBRARY OF CONGRESS CALL NUMBER
Classification number RES HD 39 .5 .N394 2017
Item number C. 1
100 ## - MAIN ENTRY--PERSONAL NAME
Personal name MAKORI, NDEGE DOMINIC
245 ## - TITLE STATEMENT
Title FACTORS AFFECTING PROCUREMENT PRACTICES ON THE PERFORMANCE OF DEVOLVED PARASTATALS
Remainder of title A CASE STUDY OF KENYA POWER, KISII COUNTY
260 ## - PUBLICATION, DISTRIBUTION, ETC.
Place of publication, distribution, etc. KISII
Name of publisher, distributor, etc. KSU
Date of publication, distribution, etc. 2017
300 ## - PHYSICAL DESCRIPTION
Extent IX, 33P., ILL:
500 ## - GENERAL NOTE
General note INCLUDES REFERENCES
942 ## - ADDED ENTRY ELEMENTS (KOHA)
Source of classification or shelving scheme Library of Congress Classification
Koha item type Reference
Holdings
Withdrawn status Lost status Source of classification or shelving scheme Damaged status Not for loan Collection Home library Current library Shelving location Date acquired Inventory number Total checkouts Full call number Barcode Date last seen Copy number Price effective from Koha item type
    Library of Congress Classification   Not for loan Special Research Kisii University Library Kisii University Library On Display 07/30/2025 95281   RES HD 39. 5 .N394 2017 005292 07/30/2025 C.1 07/30/2025 Reference